01238 a2200241 4500003000500000005001700005010001700022020002800039040000900067082001800076100001700094245013200111260008700243300003400330505031000364650002300674650003200697650004500729650002900774700002500803856009000828856007800918Nust20220819114729.0 a 2001057519 a0470845198 (alk. paper) cNust00a621.38456,BLO1 aBlogh, J. S.10aThird-generation systems and intelligent wireless networking :bsmart antennas and adaptive modulation /cJ.S. Blogh, L. Hanzo. a[New York?] :bIEEE Press ;aChichester, West Sussex ;aNew York :bWiley,cc2002. axxi, 413 p. :bill. ;c25 cm. aThird –Generation CDMA Systems (Page-1), Burst-by Burst Adaptive Wireless Transceivers (Page-89), Intelligent Antenna arrays and Beam forming (Page-123), Adaptive Arrays in Cellular Network (Page-193), UTRA Adaptive Arrays and Adaptive Modulation (Page-295), Conclusions and Further Research (Page-361). 0aAdaptive antennas. 0aCellular telephone systems. 0aGlobal system for mobile communications. 0aModulation (Electronics)1 aHanzo, Lajos,d1952-423Publisher descriptionuhttp://www.loc.gov/catdir/description/wiley037/2001057519.html423Table of contentsuhttp://www.loc.gov/catdir/toc/wiley022/2001057519.html